|
|
|
|
| LEADER |
01725nam a2200313 4500 |
| 001 |
30857 |
| 003 |
BD-DhAAL |
| 005 |
20160217102022.0 |
| 008 |
160124s2011 ii ||||| b||| 001 0 eng d |
| 020 |
|
|
|a 8178243296
|
| 040 |
|
|
|a BD-DhAAL
|d BD-DhAAL
|
| 082 |
|
|
|2 22
|a 303.372
|
| 999 |
|
|
|c 36670
|d 36670
|
| 999 |
|
|
|c 36670
|
| 100 |
|
|
|a Nussbaum, Martha C.
|9 17536
|
| 245 |
|
|
|a Creating capabilities :
|b the human development approach /
|c Martha C. Nussbaum
|
| 264 |
|
|
|a New Delhi :
|b Permanent Black,
|c 2011
|
| 300 |
|
|
|a xii, 237 pages :
|c 23 cm.
|
| 504 |
|
|
|a Includes bibliographical references (pages 211-230) and index
|
| 526 |
|
|
|a ESS
|
| 541 |
|
|
|e 30857, 30858, 30859, 30860, 30861
|
| 650 |
|
|
|a Social justice
|9 17953
|
| 650 |
|
|
|a Economic development
|9 17954
|
| 942 |
|
|
|2 ddc
|c BK
|
| 952 |
|
|
|0 0
|1 0
|2 ddc
|4 0
|6 303_372000000000000_NUS
|7 0
|9 57699
|a BRACUL
|b BRACUL
|c GEN
|d 2016-01-21
|e R K Corporation
|g 1050.00
|l 0
|o 303.372 NUS
|p 3010030857
|r 2016-01-26
|t 1
|v 1050.00
|w 2016-01-21
|y BK
|
| 952 |
|
|
|0 0
|1 0
|2 ddc
|4 0
|6 303_372000000000000_NUS
|7 0
|9 57700
|a BRACUL
|b BRACUL
|c GEN
|d 2016-01-21
|e R K Corporation
|g 1050.00
|l 0
|o 303.372 NUS
|p 3010030858
|r 2016-01-26
|t 2
|v 1050.00
|w 2016-01-21
|y BK
|
| 952 |
|
|
|0 0
|1 0
|2 ddc
|4 0
|6 303_372000000000000_NUS
|7 0
|9 57701
|a BRACUL
|b BRACUL
|c GEN
|d 2016-01-21
|e R K Corporation
|g 1050.00
|l 0
|o 303.372 NUS
|p 3010030859
|r 2016-01-26
|t 3
|v 1050.00
|w 2016-01-21
|y BK
|
| 952 |
|
|
|0 0
|1 0
|2 ddc
|4 0
|6 303_372000000000000_NUS
|7 0
|9 57702
|a BRACUL
|b BRACUL
|c GEN
|d 2016-01-21
|e R K Corporation
|g 1050.00
|l 0
|o 303.372 NUS
|p 3010030860
|r 2016-01-26
|t 4
|v 1050.00
|w 2016-01-21
|y BK
|
| 952 |
|
|
|0 0
|1 0
|2 ddc
|4 0
|6 303_372000000000000_NUS
|7 0
|9 57703
|a BRACUL
|b BRACUL
|d 2016-01-21
|e R K Corporation
|g 1050.00
|l 0
|o 303.372 NUS
|p 3010030861
|r 2016-01-26
|t 5
|v 1050.00
|w 2016-01-21
|y BK
|